000 00581nam a22002057a 4500
003 Ost
005 20260312042005.0
008 260312b |||||||| |||| 00| 0 eng d
020 _a9789355425522
040 _cBT-PhCST
050 _a25727-25728
082 _222
_a006.35
_bALA
100 _aAlammar, Jay.
245 _aHands-on large language models :
_b language understanding and generation /
260 _aIndia :
_bO'Reilly Media,
_cc2024.
300 _axix, 403 p. :
_bill. ;
_c23 cm.
500 _aIncludes index.
700 _aGrootendorst, Maarten.
942 _2ddc
_cSE
999 _c10185
_d10185